Pays par image de A à Z - Statistiques

Statistiques générales
  • Ce quiz a été pris 276 fois
  • Le résultat moyen est 18 sur 24
Statistiques - réponses
Par images Hint Réponse % Correct
E Egypte
100%
F France
100%
C Chine
99%
J Japon
99%
B Brésil
98%
G Grèce
98%
D Danemark
97%
Q Qatar
91%
N Népal
89%
Y Yemen
87%
P Portugal
85%
Z Zimbabwe
82%
M Maroc
81%
K Kenya
79%
O Oman
77%
L Lettonie
74%
U Uruguay
72%
R Roumanie
70%
I Indonesie
61%
V Vanuatu
59%
A Argentine
58%
H Haïti
51%
S Salvador
17%
T Tchad
12%
Aucun quiz correspondant
Distribution des résultats
% des personnes avec chaque résultat
Percentile par nombre de réponses
Votre historique - résultats
Vous n’avez pas pris ce quiz